书目信息 |
| 题名: |
我的乐园
|
|
| 作者: | 力群 著 | |
| 分册: | ||
| 出版信息: | 上海 少年儿童出版社 1984 |
|
| 页数: | 125页 | |
| 开本: | 17cm | |
| 丛书名: | ||
| 单 册: | ||
| 中图分类: | I287.6 | |
| 科图分类: | ||
| 主题词: | 儿童文学-散文--中国--现代 , 散文-儿童文学--中国--现代 | |
| 电子资源: | ||
| ISBN: | ||
| 000 | 00664nam0 2200253 45 | |
| 001 | 0184004152 | |
| 005 | 20040409092247.7 | |
| 010 | @dCNY0.57 | |
| 091 | @a10024.4263 | |
| 100 | @a19950414d1984 cemy0chiy0121 ea | |
| 101 | 0 | @achi |
| 102 | @aCN@b310000 | |
| 105 | @ay z 000cy | |
| 106 | @ar | |
| 200 | 10 | @a我的乐园@Awo de le yuan@f力群著 |
| 210 | @a上海@c少年儿童出版社@d1984 | |
| 215 | @a125页@d17cm | |
| 606 | @a儿童文学-散文@y中国@z现代 | |
| 606 | @a散文-儿童文学@y中国@z现代 | |
| 690 | @aI287.6@v3 | |
| 701 | 0 | @a力群@Ali qun@4著 |
| 801 | 0 | @aCN@b上海图书馆@c20040409 |
| 801 | 2 | @aCN@bNLC@c20040409 |
| 905 | @f1@b215374@dI287.6@e171@b215373@f1 | |
| 我的乐园/力群著.-上海:少年儿童出版社,1984 |
| 125页;17cm |
| ISBN :CNY0.57 |
| ● |
| 相关链接 |
|
|
|
|
正题名:我的乐园
索取号:I287.6/171
 
预约/预借
| 序号 | 登录号 | 条形码 | 馆藏地/架位号 | 状态 | 备注 |
| 1 | 0215373 | 000895605 | 第二借阅区/ [索取号:I287.6/171] | 在馆 | |
| 2 | 0215374 | 000895543 | 第二借阅区/ [索取号:I287.6/171] | 在馆 | |
| 3 | 0215375 | 000895534 | 第一样本阅览室/ [索取号:I287.6/171] | 在馆 |